000 00602nam a2200217Ia 4500
003 GCL
008 140319s9999 xx 000 0 eng d
020 _a0060193867
040 _aGCL /
_cGCL
082 0 4 _a923.2
_bJ C
100 1 _aJUNOR, PENNY
245 1 0 _aCHARLES :
_bVICTIM OR VALLAIN ? /
_cJUNOR, PENNY
260 _a[S.N] :
_bHARPER COLLINS COLLEGE PUBLISBERS ،
_c1998
300 _a22 CM ؛
_c304 P
650 0 4 _aSPENCER, CHARLES
650 0 4 _aSPENCER, CHARLES - BIOGRAPHY
650 0 4 _aPRINCES - BIOGRAPHY
650 0 4 _aSPENCER, DIANA
650 0 4 _aPARKER, CAMILLA
942 _2ddc
_cBK
999 _c4754
_d4754